000 00887nam a2200253 i 4500
005 20160115031629.0
008 890310s1988 njua 001 0 eng
020 _a0793805759
040 _aDLC
_cDLC
_dCO-BoIAVH
041 _aeng
044 _axxu
090 _aRE
_b00049
100 1 _aBurgess, Warren.
245 1 4 _aDr. Burgess's
_batlas of marine aquarium fishes /
_cWarren E. Burgess, Herbert R. Axelrod, Raymond E. Hunziker III.
250 _aTercera edición.
260 _aNeptune City, NJ :
_bT.H.F. Publications,
_cc1988.
300 _a736 p. :
_bill. (some col.) ;
_c29 cm.
650 1 4 _aPeces marinos de acuario
_xIdentificación
650 2 4 _aPeces marinos de acuario
_xClasificación
650 2 4 _aPeces de acuario
700 1 _aAxelrod, Herbert R.,
_eautor
700 1 _aHunziker, Raymond E.,
_eautor
942 _2ddc
_cLIBRO
999 _c5184
_d5184